000 00732nam a2200241Ia 4500
003 OSt
005 20220926011335.0
006 a|||||r|||| 00| 0
007 ta
008 220923b |||||||| |||| 00| 0 eng d
037 _cGeneral Book
040 _aRTL
_cRTL
_beng
041 _2eng
_aeng
082 _aY74655:3(W).M45<--L11, K8
100 _aHarik Iliya F
_9313978
245 0 _aPolitics and change in a traditional society, Leba
260 _aNew Jersey
_bPrinceton University Press
_c1968
300 _axi,324p illus
_ccm.
500 _aBibliography: p 297-318
650 _aPakistan Society
942 _hY74655:3(W).M45<--L11, K8
_cGB
_2CC
999 _c619756
_d619756